000 00779nam a2200265 i 4500
001 000007081
003 DO-SdBNP
005 20251127082331.0
008 250801s1968 dr 001 0 spa d
040 _aDO-SdBNP
_bspa
_cBNPHU
_erda
041 _aspa
082 _axxx
_bG934L
_222
100 1 _aGuerrero, Donald
_dautor
_919672
245 1 0 _aLeonismo dominicano :
_bIII convención anual distrito R
_cDonald Guerrero.
260 _c1994.
264 _aSanto Domingo :
_bEditorial Stela,
_c1968
300 _a54 páginas. ;
_c23 cm.
336 _ardacontent
_btexto
_2txt
337 _ardamedia
_bsin mediación
_2n
338 _ardacarrier
_bvolumen
_2nc
590 _aInventariado, 2025/DG
650 0 _aParticipación social
_977777
910 _aDG
942 _2ddc
_cLBS1
999 _c59706
_d59706